| 000 | 01052nam a22002774a 4500 | ||
|---|---|---|---|
| 005 | 20080310071752.0 | ||
| 008 | 071101s2009 maua 001 0 eng | ||
| 010 | _aENG-91197 | ||
| 020 |
_a9780070221796 _c475.00 |
||
| 020 | _a0070221790 | ||
| 035 | _aEN-74730 | ||
| 037 | _bDBAD / PUB | ||
| 040 |
_adpl _bEnglish |
||
| 082 | _a658.049 | ||
| 100 | _aHill, Charles W. L. | ||
| 245 |
_aInternational business : _bcompeting in the global marketplace / _cby Charles W. L. Hill [and] Arun Kumar Jain |
||
| 250 | _a6th ed. | ||
| 260 |
_aNew Delhi _bTata McGraw-Hill Publishing _c2009. |
||
| 300 |
_axxv, 942 p. : _b ill. ; _c29 cm(pbk) |
||
| 500 | _aIncludes cases, glossary and index. | ||
| 650 |
_aInternational business enterprises _xManagement. |
||
| 650 | _aCompetition, International. | ||
| 700 | _aJain, Arun Kumar | ||
| 942 |
_2ddc _cEN _h658.049 _mHIL |
||
| 999 |
_c16330 _d16330 |
||